000
00341nam a22001457a 4500
008
240318b ||||| |||| 00| 0 eng d
020
_a
9027718989
041
_a
eng
080
_2
1985
_a
101
082
_a
101PIT
100
_a
44
101
_a
FILOZOFI
245
_a
CHANGE AND PROGRESS IN MODERN SCIENCE
_c
JOSEPH C.PITT
942
_2
udc
_c
BK
999
_c
60596
_d
60596